| 000 | 00444cam a2200169ua 4500 | ||
|---|---|---|---|
| 041 |
_aeng _h |
||
| 082 |
_a621.4021 _bPEE/AP |
||
| 100 | _aPeek, W.J . | ||
| 245 |
_aApplied thermodynamics problems for engineers / _cW.J Peek. _hTextual Documents |
||
| 250 |
_a2 / _b. |
||
| 260 |
_aLondon : _bEdward Arnold Publications Ltd , _c1968. |
||
| 300 | _a394 ; . | ||
| 504 | _a | ||
| 700 | 1 | _aRichmond, A.J . | |
| 942 | _cBK | ||
| 999 |
_c6763 _d6763 |
||